| 000 | 00822cam a2200265 a 4500 | ||
|---|---|---|---|
| 001 | 000004366 | ||
| 005 | 20200929151430.0 | ||
| 008 | 940119s1992 ag 000 f spa d | ||
| 020 | _a9501512428 | ||
| 040 |
_aDO-SdBNP _bspa _cBNPHU |
||
| 041 | 1 | 7 |
_aspa _heng _2Código de idioma MARC |
| 082 |
_a823.914 _bW516a |
||
| 100 | 1 |
_aWest, Morris, _d1916-1999. _912862 |
|
| 240 | 1 | 0 |
_aThe lovers. _lEspañol |
| 245 | 1 | 4 |
_aLos amantes / _cMorris West ; traducción, Aníbal Leal. |
| 260 |
_aBuenos Aires : _bJavier Vergara, _c1992. |
||
| 300 |
_a294 p. ; _c22 cm. |
||
| 534 |
_pTítulo original: _tThe lovers |
||
| 650 | 4 |
_aNovela austriaca _912863 |
|
| 650 | 4 |
_aLiteratura austriaca _94014 |
|
| 700 | 1 |
_aLeal, Aníbal, _etr. _94573 |
|
| 700 | 1 |
_aVergara, Javier, _eed. _912864 |
|
| 910 | _aCatalogación derivada | ||
| 910 | _aWM | ||
| 999 |
_c4175 _d4175 |
||